Every Tower in Eternal Towers of Hell Alphabetically - Acronym - Statistics

General Stats
  • This quiz has been taken 4 times
  • The average score is 7 of 406
Answer Stats
Area Difficulty Tower % Correct
Ring 1 Easy Tower of {Anger}
100%
Zone 4 Extreme Tower of {Astronomically Aimless Annoyances}
67%
Paradise Atoll Difficult Steeple of {Aquatic Rallies}
33%
Garden of Eeshöl Easy Steeple of {Beginner’s Journey}
33%
Arcane Area Medium Steeple of {Biome Traversing}
33%
Garden of Eeshöl Intense Steeple of {Buoyant Automations}
33%
Forgotten Ridge Challenging Steeple of {Climbing}
33%
Ring 8 Challenging Tower of {Aamos’ Anger}
33%
Ring 1 Easy Tower of {A Simple Time}
33%
Ring 9 Extreme Tower of {Bloodthirsty Kenos}
33%
Zone 9 Challenging Tower of {Bonus Level}
33%
Purgatorio Medium Tower of {Boost Mayhem}
33%
Purgatorio Easy Tower of {Buttons}
33%
Ring 9 Catastrophic Tower of {Champion’s Road}
33%
Zone 10 Terrifying Tower of {Complexity and Volatility}
33%
Ring 3 Insane Tower of {Confusion}
33%
Ring 3 Challenging Tower of {Despair}
33%
Zone 7 Remorseless Citadel of {A Cruel Tale}
0%
Ring 8 Intense Citadel of {Constant Heart Stopping}
0%
Ring 5 Remorseless Citadel of {Contrasting Regions}
0%
Zone 5 Intense Citadel of {Corporate Enterprise}
0%
Zone 2 Intense Citadel of {Green Stuff}
0%
Ring 3 Intense Citadel of {Heights and Depths}
0%
Zone 9 Remorseless Citadel of {Increasing Claustrophobia}
0%
Lost River Difficult Citadel of {Inside Situations}
0%
Ring 1 Intense Citadel of {Laptop Splitting}
0%
Ring 9 Remorseless Citadel of {Lethargy}
0%
Zone 10 Remorseless Citadel of {Overcoming The World’s Imperfections}
0%
Zone 1 Remorseless Citadel of {Peril}
0%
Zone 8 Remorseless Citadel of {Pyramid Escapades}
0%
Zone 4 Remorseless Citadel of {Quadrilaterals}
0%
Ring 6 Remorseless Citadel of {Scythe Recognition}
0%
Steelspire Horizon Intense Citadel of {Treachery}
0%
Lost River Difficult Citadel of {Tricky Situations}
0%
Ring 7 Remorseless Citadel of {True Exasperation}
0%
Zone 6 Intense Citadel of {Twists and Weirdness}
0%
Ring 4 Intense Citadel of {Uneasiness}
0%
Purgatorio Hard Citadel of {Victory}
0%
Ring 2 Remorseless Citadel of {Wacky Strategy}
0%
Forgotten Ridge Intense Citadel of {Weird Nostalgia}
0%
Zone 2 Intense Tower of {Extraterrestrial Enchantment}
0%
Paradise Atoll Hard Steeple of {Abyssal Upturn}
0%
The Starlit Archives Challenging Steeple of {After-Life Detention}
0%
Arcane Area Medium Steeple of {Astounding Sorcery}
0%
Arcane Area Hard Steeple of {Atmospheric Powers}
0%
Steelspire Horizon Challenging Steeple of {Bad Cable Management}
0%
The Starlit Archives Challenging Steeple of {Balloon Commune}
0%
The Starlit Archives Remorseless Steeple of {Cheesy Vengeance}
0%
Paradise Atoll Challenging Steeple of {Cliffside Falls}
0%
Arcane Area Challenging Steeple of {Crystal Ascension}
0%
Lost River Challenging Steeple of {Descendance}
0%
Paradise Atoll Challenging Steeple of {Desolate Isles}
0%
Garden of Eeshöl Easy Steeple of {Devil’s Snare}
0%
Steelspire Horizon Challenging Steeple of {Dungeon Runner}
0%
Paradise Atoll Intense Steeple of {Dusty Dunes}
0%
Garden of Eeshöl Hard Steeple of {Feudal Foliage}
0%
Garden of Eeshöl Challenging Steeple of {Flourishing Wastelands}
0%
The Starlit Archives Remorseless Steeple of {Forlorn Blizzard}
0%
Steelspire Horizon Easy Steeple of {Golf Course}
0%
Garden of Eeshöl Hard Steeple of {Greenhouse Placidity}
0%
Silent Abyss Challenging Steeple of {Guiding Lights}
0%
Paradise Atoll Difficult Steeple of {Hallucinatory Spectacles}
0%
Forgotten Ridge Intense Steeple of {Huge Pain}
0%
Garden of Eeshöl Hard Steeple of {Infectious Foliage}
0%
Silent Abyss Intense Steeple of {Involuntary Isolation}
0%
The Starlit Archives Intense Steeple of {Itsy Bitsy}
0%
Garden of Eeshöl Hard Steeple of {Lost In Quiescence}
0%
Forgotten Ridge Hard Steeple of {Low Woe}
0%
Arcane Area Intense Steeple of {Magical Collaborations}
0%
Arcane Area Difficult Steeple of {Magical Elements}
0%
Silent Abyss Remorseless Steeple of {Malignant Blight}
0%
Forgotten Ridge Easy Steeple of {Meaningless Decisions}
0%
Silent Abyss Remorseless Steeple of {Midnight Acropolis}
0%
Paradise Atoll Easy Steeple of {Mystical Marine}
0%
Garden of Eeshöl Medium Steeple of {Nightfall}
0%
Garden of Eeshöl Hard Steeple of {Overgrown Ascension}
0%
Garden of Eeshöl Hard Steeple of {Overgrowth}
0%
Forgotten Ridge Medium Steeple of {Pursuit}
0%
Arcane Area Hard Steeple of {Realm Odyssey}
0%
Silent Abyss Difficult Steeple of {Resort In Stasis}
0%
Silent Abyss Difficult Steeple of {Ruinous Abate}
0%
Steelspire Horizon Challenging Steeple of {Sunken Kingdoms}
0%
Paradise Atoll Difficult Steeple of {Sunny Island Shenanigans}
0%
The Starlit Archives Challenging Steeple of {The Manufactured Monstrosity}
0%
Arcane Area Difficult Steeple of {Twisted Crystals}
0%
The Starlit Archives Intense Steeple of {Two Minute Noodles}
0%
Paradise Atoll Intense Steeple of {Underlying Breezes}
0%
Paradise Atoll Medium Steeple of {Undersea Voyages}
0%
Forgotten Ridge Hard Steeple of {Uninstalling Roblox}
0%
Garden of Eeshöl Difficult Steeple of {Various Vivariums}
0%
Forgotten Ridge Difficult Steeple of {Wall Punching}
0%
Paradise Atoll Hard Steeple of {Waterfall}
0%
Silent Abyss Intense Steeple of {Wicked Grotto}
0%
Arcane Area Challenging Steeple of {Witch Calamity}
0%
Silent Abyss Challenging Steeple of {Xenial Abyss}
0%
Steelspire Horizon Easy Steeple of {Zip Zap Pop!}
0%
Ring 1 Insane {Thanos} Tower
0%
Zone 1 Challenging Tower of {Absolute Vexation}
0%
Ring 6 Intense Tower of {A Depressing Future}
0%
The Starlit Archives Intense Tower of {A Disillusioned Experience}
0%
Zone 5 Terrifying Tower of {Alien Radiance}
0%
Silent Abyss Difficult Tower of {Ancestral Interference}
0%
Ring 3 Medium Tower of {Ancient Trickery}
0%
Zone 6 Challenging Tower of {Angled Scenery}
0%
Zone 3 Intense Tower of {Anticlimactic Outcomes}
0%
Zone 4 Medium Tower of {Aquatic Contemplation}
0%
Zone 2 Intense Tower of {Arcanium Zenturing}
0%
Zone 9 Challenging Tower of {Arrantly Bodeful Cavern Depths}
0%
Zone 8 Extreme Tower of {Astral Eclipse}
0%
Zone 6 Remorseless Tower of {Astral Fusion}
0%
Zone 8 Difficult Tower of {A Tetromino Disaster}
0%
Zone 3 Medium Tower of {Atlantic Depths}
0%
Ring 9 Catastrophic Tower of {Augmented Misery}
0%
Ring 9 Remorseless Tower of {Beat Block Berserk}
0%
Ring 9 Insane Tower of {Bent Trauma}
0%
Zone 9 Remorseless Tower of {Big Blocky Beefy Buttons}
0%
Ring 2 Hard Tower of {Big Hole}
0%
Zone 10 Extreme Tower of {Blast Power}
0%
Zone 6 Challenging Tower of {Break It, Buy It}
0%
Zone 6 Remorseless Tower of {Brief Challenges}
0%
Zone 5 Difficult Tower of {Brief Serenity}
0%
Zone 3 Medium Tower of {Broken Bricks}
0%
Zone 5 Remorseless Tower of {Brutal and Bizarre Torment}
0%
Zone 7 Difficult Tower of {Bygone Relic}
0%
Paradise Atoll Hard Tower of {Call It A Day}
0%
Steelspire Horizon Hard Tower of {Calm Before The Storm}
0%
Zone 2 Remorseless Tower of {Chaotic Moments}
0%
Zone 10 Challenging Tower of {Clandestine Zones}
0%
Zone 3 Medium Tower of {Client Object Frenzy}
0%
Ashen Towerworks Remorseless Tower of {Climactic Beats}
0%
Zone 3 Difficult Tower of {Cogs and Steam}
0%
Ring 2 Difficult Tower of {Cold Hands}
0%
Ring 7 Challenging Tower of {Collective Collaboration}
0%
Lost River Intense Tower of {Compact Spaces}
0%
Zone 7 Intense Tower of {Cone Mesh Climbing}
0%
Zone 6 Challenging Tower of {Conflicting Frontiers}
0%
Zone 1 Difficult Tower of {Contractual Obligations}
0%
Ashen Towerworks Difficult Tower of {Corner Wedge Climbing}
0%
Zone 2 Remorseless Tower of {Corrupted Nightmares}
0%
Zone 8 Hard Tower of {Cosmic Tides}
0%
Zone 3 Hard Tower of {Cracked, Crushed Cubes}
0%
Purgatorio Easy Tower of {Critical Damage}
0%
Zone 3 Intense Tower of {Cruel and Unusual Punishment}
0%
Ring 9 Catastrophic Tower of {Cruel Punishment}
0%
Ring 9 Insane Tower of {Curved Ascent}
0%
Paradise Atoll Challenging Tower of {Cyclonic Isles}
0%
Zone 7 Challenging Tower of {Cylindrical Extensions}
0%
Zone 4 Remorseless Tower of {Dance Dance Destruction}
0%
Purgatorio Hard Tower of {Dancing All Night}
0%
Forgotten Ridge Intense Tower of {Dangerous Expeditions}
0%
Ring 2 Challenging Tower of {Deep Darkness}
0%
Ring 3 Medium Tower of {Deep Sighing}
0%
Zone 8 Catastrophic Tower of {Descent Into Exile}
0%
Zone 7 Difficult Tower of {Destructive Fever}
0%
Ring 2 Insane Tower of {Difficulty Chart}
0%
Zone 3 Difficult Tower of {Dimensional Hopping}
0%
Ring 6 Intense Tower of {Dispersed Rooms}
0%
Ring 7 Challenging Tower of {Distorted Aerodynamics}
0%
Lost River Challenging Tower of {Diverging Layers}
0%
Zone 2 Insane Tower of {Double Trouble}
0%
Ring 5 Challenging Tower of {Downward Mobility}
0%
Zone 2 Difficult Tower of {Dreams and Caverns}
0%
Zone 9 Challenging Tower of {Dusk To Dawn}
0%
Ring 4 Challenging Tower of {Dust and Decay}
0%
Zone 4 Difficult Tower of {Elevator Travelling}
0%
Ring 7 Catastrophic Tower of {Elongated Runs}
0%
Ring 4 Hard Tower of {Elysium}
0%
Zone 9 Catastrophic Tower of {Empty Meaningless Patterns}
0%
Ring 6 Difficult Tower of {Environmental Pain}
0%
Ring 2 Remorseless Tower of {Eternal Suffering}
0%
Lost River Medium Tower of {Excessive Weirdness}
0%
Zone 10 Intense Tower of {Expecting The Unexpected}
0%
Ring 8 Extreme Tower of {Externalizing Insanity}
0%
Ring 5 Intense Tower of {Extraordinary Adventures}
0%
Zone 1 Remorseless Tower of {Extreme Dystopia}
0%
Ring 7 Insane Tower of {Extreme Hell}
0%
Zone 9 Remorseless Tower of {Eye Candy}
0%
Zone 4 Easy Tower of {Fairly Simple Challenges}
0%
Ring 2 Challenging Tower of {Falling and Failing}
0%
Zone 9 Intense Tower of {Falling Up}
0%
Ring 3 Hard Tower of {Fatness}
0%
Ring 7 Challenging Tower of {Feeling Lazy}
0%
Steelspire Horizon Intense Tower of {Fixture Park}
0%
Zone 8 Challenging Tower of {Flame Restoration}
0%
The Starlit Archives Remorseless Tower of {Fleeing From Everything Ending}
0%
Ring 5 Intense Tower of {Floral Fury}
0%
Ring 6 Intense Tower of {Flustering Sections}
0%
Steelspire Horizon Medium Tower of {Fly High}
0%
Zone 6 Hard Tower of {Foreign Domains}
0%
Ashen Towerworks Remorseless Tower of {Forever-Sleeping Flower}
0%
Zone 5 Difficult Tower of {Fractal Volution}
0%
Zone 7 Terrifying Tower of {Fractured Memories}
0%
Ring 5 Remorseless Tower of {Fractured Obstacles}
0%
Ring 6 Hard Tower of {Friendly Jumps}
0%
Ring 9 Insane Tower of {Frightening and Confusing Trials}
0%
Ring 5 Terrifying Tower of {Frightening Nightmares}
0%
Ashen Towerworks Medium Tower of {Fruity Zeal}
0%
Zone 4 Hard Tower of {Fun and Simple Trials}
0%
Zone 4 Remorseless Tower of {Funky Grooves}
0%
Ring 3 Easy Tower of {Funny Thoughts}
0%
Zone 9 Intense Tower of {Furious Chicken Brawl}
0%
Zone 7 Challenging Tower of {Galactic Voyage}
0%
Ring 8 Catastrophic Tower of {Generation Failure}
0%
Purgatorio Easy Tower of {Genesis}
0%
Steelspire Horizon Remorseless Tower of {Geometric Kinetics}
0%
Ring 4 Medium Tower of {Getting Gnomed}
0%
Ring 5 Remorseless Tower of {Glitching and Healing}
0%
Zone 2 Remorseless Tower of {Great Displeasure}
0%
Ring 9 Intense Tower of {Great Overcomings}
0%
Zone 2 Hard Tower of {Ground Level Ascension}
0%
Zone 7 Challenging Tower of {Growing Madness}
0%
Zone 5 Intense Tower of {Guided Trials}
0%
Zone 1 Hard Tower of {Hands Sweating}
0%
Zone 6 Intense Tower of {Hazardous Laddering}
0%
Ring 1 Hard Tower of {Hecc}
0%
Zone 6 Challenging Tower of {Hefty Magnitude}
0%
Zone 5 Intense Tower of {Heiwana Kaze}
0%
Ring 9 Insane Tower of {High Adrenaline}
0%
Steelspire Horizon Difficult Tower of {High Power}
0%
Zone 9 Insane Tower of {Hollow Reformations}
0%
Ring 4 Intense Tower of {Holy Flip}
0%
Zone 3 Extreme Tower of {Hopeless Hell}
0%
Zone 5 Intense Tower of {Horrifying Experiences}
0%
The Starlit Archives Remorseless Tower of {House Without Home}
0%
Arcane Area Remorseless Tower of {Icy Adventures}
0%
Ring 5 Insane Tower of {Icy Blizzards}
0%
Forgotten Ridge Difficult Tower of {Immense Ire}
0%
Ring 1 Intense Tower of {Impossible Expectations}
0%
Ring 6 Terrifying Tower of {Impossible Movement}
0%
Ring 4 Terrifying Tower of {Inception}
0%
Forgotten Ridge Intense Tower of {Increasing Stress}
0%
Ring 4 Insane Tower of {Inevitable Failure}
0%
The Starlit Archives Intense Tower of {Infiltrated Ruins}
0%
Zone 3 Intense Tower of {Infuriating Obstacles}
0%
Ring 8 Intense Tower of {Insanely Innovative Ideas}
0%
Ring 6 Intense Tower of {Intense Solar Chaos}
0%
Zone 10 Challenging Tower of {Interstellar Terrarium}
0%
Ring 3 Medium Tower of {Inverted Colours}
0%
Zone 7 Medium Tower of {Jazz}
0%
Forgotten Ridge Easy Tower of {Jolly Good Fun}
0%
Ring 9 Terrifying Tower of {Journey’s End}
0%
Ring 1 Difficult Tower of {Keyboard Yeeting}
0%
Purgatorio Hard Tower of {Keys To Success}
0%
Ring 1 Hard Tower of {Killjoys}
0%
Purgatorio Medium Tower of {Kinetic Potential}
0%
Ashen Towerworks Intense Tower of {Largely Limited Luminance}
0%
Zone 9 Challenging Tower of {Latest Sensation}
0%
Ring 4 Difficult Tower of {Leaning Ledges}
0%
The Starlit Archives Difficult Tower of {Lethean Recollection}
0%
Ring 4 Difficult Tower of {Linonophobia}
0%
Lost River Difficult Tower of {Losing Our Zeal}
0%
Ring 3 Difficult Tower of {Lotsa Damage}
0%
Zone 10 Intense Tower of {Mach Nine}
0%
Ring 1 Medium Tower of {Madness}
0%
Zone 8 Intense Tower of {Manic Lows}
0%
Zone 6 Remorseless Tower of {Massive Overheating}
0%
Ring 8 Remorseless Tower of {Mean Tasks}
0%
Ashen Towerworks Remorseless Tower of {Mechanical Disarray}
0%
Zone 4 Intense Tower of {Mechanically Induced Mayhem}
0%
Zone 8 Hard Tower of {Melons In Time}
0%
Zone 3 Challenging Tower of {Menacing Creations}
0%
Zone 6 Terrifying Tower of {Micro Management}
0%
Zone 3 Difficult Tower of {Mild Agitation}
0%
Forgotten Ridge Insane Tower of {Mind Breaking}
0%
Zone 9 Remorseless Tower of {Minus Facility}
0%
Zone 1 Hard Tower of {Mirrored Hecc}
0%
Purgatorio Easy Tower of {Motion Evolution}
0%
Ring 8 Hard Tower of {Needing Basic Aptitude}
0%
Steelspire Horizon Intense Tower of {Nerves of Steel}
0%
Ring 9 Terrifying Tower of {Nervous Sweating}
0%
Ring 6 Remorseless Tower of {Never Ending Dizziness}
0%
Zone 8 Intense Tower of {Never Ending Fun}
0%
Ring 7 Intense Tower of {Never Giving Up, Ever}
0%
Ring 5 Medium Tower of {Nice Views}
0%
Ring 6 Remorseless Tower of {Niflheim}
0%
Ring 4 Remorseless Tower of {Nonsensical Platforms}
0%
Zone 8 Remorseless Tower of {No Return}
0%
Purgatorio Hard Tower of {No Strings Attached}
0%
Zone 9 Intense Tower of {Nothing New}
0%
Ring 1 Medium Tower of {Noticeable Infuriation}
0%
Ring 4 Intense Tower of {Oblivion}
0%
Ring 5 Intense Tower of {Obvious Chaos}
0%
Lost River Challenging Tower of {Odd Odyssey}
0%
Zone 8 Intense Tower of {One Nine}
0%
Zone 10 Remorseless Tower of {One Two Three Four}
0%
Ring 7 Intense Tower of {Orientating Oscillating Opinions}
0%
Zone 8 Remorseless Tower of {Overbearing Vertigo}
0%
Ring 2 Hard Tower of {Overcoming Hatred}
0%
Zone 3 Easy Tower of {Overestimating Difficulty}
0%
Zone 9 Extreme Tower of {Panelling Barricades}
0%
Ring 9 Remorseless Tower of {Pastel Pillars}
0%
Zone 1 Hard Tower of {Peace}
0%
Zone 1 Easy Tower of {Peaceful Happiness and Tranquility}
0%
Garden of Eeshöl Intense Tower of {Perilous Antipode}
0%
Ring 2 Medium Tower of {Phone Snapping}
0%
Zone 2 Challenging Tower of {Pleasant Fantasies}
0%
Zone 5 Insane Tower of {Polychromatic Zero}
0%
Zone 10 Remorseless Tower of {Power Laws}
0%
Zone 10 Remorseless Tower of {Prismatic Instability}
0%
Zone 4 Challenging Tower of {Pure Chroma}
0%
The Starlit Archives Difficult Tower of {Pursuit Led Astray}
0%
Steelspire Horizon Medium Tower of {Quantum Rhythm}
0%
Ring 9 Remorseless Tower of {Questionable Trials}
0%
Zone 3 Intense Tower of {Quirky Contraptions}
0%
Ring 6 Difficult Tower of {Radiant Realms}
0%
Ring 1 Challenging Tower of {Rage}
0%
Zone 10 Catastrophic Tower of {Raging Tempest}
0%
Zone 10 Insane Tower of {Rain on My World}
0%
Zone 1 Remorseless Tower of {Really Nasty Ideas}
0%
Zone 3 Difficult Tower of {Requiring Critical Help}
0%
Zone 10 Challenging Tower of {Resonant Landscapes}
0%
Ashen Towerworks Remorseless Tower of {Rhythm Heaven}
0%
Ring 5 Difficult Tower of {Rigid Success}
0%
Zone 6 Difficult Tower of {Rock Climbing}
0%
Zone 8 Insane Tower of {Rough Endoplasmic Reticulum}
0%
Zone 7 Hard Tower of {Rough Waters}
0%
Ring 7 Difficult Tower of {Rushed Building}
0%
Ring 1 Challenging Tower of {Screen Punching}
0%
Ashen Towerworks Intense Tower of {Shadowy Radiance}
0%
Silent Abyss Intense Tower of {Shallow Waters}
0%
Ring 2 Challenging Tower of {Shattered Dreams}
0%
Zone 4 Intense Tower of {Shifting Slopes}
0%
Zone 4 Easy Tower of {Six Feet Under}
0%
Zone 2 Medium Tower of {Slanted Anticipation}
0%
Ring 3 Difficult Tower of {Slight Inconvenience}
0%
Zone 2 Challenging Tower of {Slipping and Sliding}
0%
Ring 8 Medium Tower of {Somewhat Simple Scaling}
0%
Zone 5 Hard Tower of {Sovereign Travelling}
0%
Steelspire Horizon Insane Tower of {Speeding Right Through}
0%
Ring 4 Easy Tower of {Spiralling Heights}
0%
Zone 5 Challenging Tower of {Stairs To Spare}
0%
Steelspire Horizon Medium Tower of {Steel and Thunder}
0%
Ring 6 Extreme Tower of {Strategic Mechanics}
0%
Ring 1 Difficult Tower of {Stress}
0%
Ring 8 Extreme Tower of {Suffering Outside}
0%
Zone 9 Intense Tower of {Sugar Rush Deluxe}
0%
Steelspire Horizon Medium Tower of {Sunshower Lambent}
0%
Zone 5 Hard Tower of {Super Stupid Security Systems}
0%
Zone 7 Hard Tower of {Sweet Victory}
0%
Zone 7 Intense Tower of {Swift and Precise Sections}
0%
Ring 2 Intense Tower of {Table Flipping}
0%
Lost River Remorseless Tower of {Tallying Every Mistake}
0%
Zone 10 Insane Tower of {Tee Hee Time}
0%
Silent Abyss Intense Tower of {Tenebrous Depths}
0%
Steelspire Horizon Hard Tower of {Ten Floors Challenge}
0%
Ring 4 Hard Tower of {Terrible Mondays}
0%
Ring 7 Extreme Tower of {Terrifying Beauty}
0%
Zone 10 Remorseless Tower of {The Despondent Fortress}
0%
Zone 6 Extreme Tower of {The Dripping Amalgam}
0%
Silent Abyss Challenging Tower of {There Is No Tower}
0%
The Starlit Archives Intense Tower of {The Umbrella, The User}
0%
Zone 1 Insane Tower of {Thinning Layers}
0%
Zone 8 Remorseless Tower of {Time and Space Manipulation}
0%
Ring 5 Intense Tower of {Tokyo Heights}
0%
Zone 4 Remorseless Tower of {Tornado Vehemence}
0%
Ring 2 Challenging Tower of {Traps}
0%
Paradise Atoll Intense Tower of {Traversing The Tropics}
0%
Forgotten Ridge Challenging Tower of {Triangular Covering}
0%
Zone 2 Intense Tower of {Triangular Terror}
0%
Lost River Remorseless Tower of {Triple Jeopardy}
0%
Ring 5 Hard Tower of {Trivial Resentment}
0%
Zone 2 Hard Tower of {Troublesome Adventures}
0%
Ring 1 Remorseless Tower of {True Skill}
0%
Ring 6 Challenging Tower of {Twisted Inquisition}
0%
Lost River Hard Tower of {Two Sided Troubles}
0%
Zone 1 Intense Tower of {Ultimately Terrifying}
0%
Ring 7 Remorseless Tower of {Ultraviolet}
0%
Zone 7 Terrifying Tower of {Uncanny Agony}
0%
Zone 7zg Remorseless Tower of {Uncontrollable Ire}
0%
Zone 3 Difficult Tower of {Unearthed Discoveries}
0%
Ring 8 Intense Tower of {Uneasy Scaling}
0%
Zone 5 Challenging Tower of {Unhealthy Escalation}
0%
Lost River Insane Tower of {Unsettling Heights}
0%
Zone 4 Hard Tower of {Up Is Down}
0%
Paradise Atoll Challenging Tower of {Upright Cliffs}
0%
Zone 10 Challenging Tower of {Valiant Verges}
0%
Zone 2 Medium Tower of {Venomous Resonance}
0%
Ring 8 Remorseless Tower of {Verdant Entropy}
0%
Forgotten Ridge Difficult Tower of {Versatility}
0%
Ashen Towerworks Hard Tower of {Viaduct Traversing}
0%
Ring 8 Challenging Tower of {Vibrant Adventures}
0%
Ring 4 Insane Tower of {Vivid Sections}
0%
Ring 8 Challenging Tower of {Voluminous Framework}
0%
Zone 9 Remorseless Tower of {Voyaging Into The Earth}
0%
Ring 3 Difficult Tower of {Wall Hugging}
0%
Zone 1 Challenging Tower of {Wanting Extra Levels}
0%
The Starlit Archives Intense Tower of {Warranted Retribution}
0%
Zone 6 Intense Tower of {Watts}
0%
Steelspire Horizon Difficult Tower of {Weird Energy}
0%
Ashen Towerworks Intense Tower of {Whirl of Winds}
0%
Ashen Towerworks Intense Tower of {Whisking It All}
0%
Zone 7 Challenging Tower of {White Space}
0%
Ashen Towerworks Extreme Tower of {Wicked Fortress}
0%
Ring 4 Difficult Tower of {Wicked Wedges}
0%
Zone 9 Terrifying Tower of {Wildly Wacky Wonders}
0%
Ring 3 Hard Tower of {Winning Every Run}
0%
Lost River Intense Tower of {Witchcraft and Wizardry}
0%
Zone 3 Hard Tower of {Xanthophobia}
0%
Zone 8 Difficult Tower of {X Madness}
0%
Zone 1 Difficult Tower of {Yearning Success}
0%
Ring 7 Remorseless Tower of {Yearning Victory}
0%
Zone 7 Intense Tower of {Yore}
0%
The Starlit Archives Difficult Tower of {You’re Late For Work}
0%
Zone 5 Remorseless Tower of {Zany Architecture}
0%
Zone 1 Easy Tower of {Zero Disturbances}
0%
Zone 1 Remorseless Tower of {Zespluz}
0%
No matching quizzes found
Score Distribution
Percent of People with Each Score
Percentile by Number Answered
Your Score History
You have not taken this quiz